USA napriek extrémnemu počasiu váhajú rokovať o klíme

Konferencia 190 štátov o klimatických zmenách. Negatívny postoj USA ku Kjótskemu protokolu. Predpovede vedeckej verejnosti o extrémnych klimatických výkyvoch v ďalších desaťročiach. Snaha Billa Clintona o zlomenie nekompromiského postoja americkej vlády. Rok 2005 - najextrémnejší rok. Viacmiliardové...

Descrizione completa

Salvato in:
Dettagli Bibliografici
Autore principale: Zamko, Martin
Natura: Capitolo di libro
Lingua:slovacco
Soggetti:
Tags: Aggiungi Tag
Nessun Tag, puoi essere il primo ad aggiungerne!!

MARC

LEADER 00000naa$a2200000$$$4500
001 0037195
005 20231004131023.4
041 0 |a slo 
044 |a SK 
245 1 0 |a USA napriek extrémnemu počasiu váhajú rokovať o klíme  |c Martin Zamko 
520 |a Konferencia 190 štátov o klimatických zmenách. Negatívny postoj USA ku Kjótskemu protokolu. Predpovede vedeckej verejnosti o extrémnych klimatických výkyvoch v ďalších desaťročiach. Snaha Billa Clintona o zlomenie nekompromiského postoja americkej vlády. Rok 2005 - najextrémnejší rok. Viacmiliardové škody spôsobené hurikánmi. 
610 2 0 |a počasie 
610 2 0 |a pohromy živelné 
610 2 0 |a emisie 
610 2 0 |a ochrana prostredia životného 
610 2 0 |a dohody medzinárodné 
610 2 0 |a konferencie 
610 2 0 |a USA 
100 1 |a Zamko, Martin